Effectiveness of different rate of rice husk charcoal on radish at royal university of agriculture; ប្រសិទ្ធភាពនៃបរិមាណធ្យូងអង្កាមខុសៗគ្នាលើដំណាំឆៃថាវក្នុងលក្ខខណ្ឌសាកលវិទ្យាល័យភូមិន្ទកសិកម្ម (Record no. 10752)

000 -LEADER
fixed length control field 00693nam a22001337a 4500
040 ## - CATALOGING SOURCE
Transcribing agency RUA
082 ## - DEWEY DECIMAL CLASSIFICATION NUMBER
Classification number AGR THO 2015 B520 Or.1
100 ## - MAIN ENTRY--AUTHOR NAME
Personal name THORNG SOVUTHY; ថោង សុវុទ្ធី
245 ## - TITLE STATEMENT
Title Effectiveness of different rate of rice husk charcoal on radish at royal university of agriculture; ប្រសិទ្ធភាពនៃបរិមាណធ្យូងអង្កាមខុសៗគ្នាលើដំណាំឆៃថាវក្នុងលក្ខខណ្ឌសាកលវិទ្យាល័យភូមិន្ទកសិកម្ម
260 ## - PUBLICATION, DISTRIBUTION, ETC. (IMPRINT)
Place of publication Phnom Penh
Name of publisher THO
Year of publication 2015
300 ## - PHYSICAL DESCRIPTION
Number of Pages x;38p.
Other physical details ill.
Dimensions 29cm.
856 ## - ELECTRONIC LOCATION AND ACCESS
Uniform Resource Identifier THORNG SOVUTHY
942 ## - ADDED ENTRY ELEMENTS (KOHA)
Koha item type AGR
952 ## - LOCATION AND ITEM INFORMATION (KOHA)
Withdrawn status [LOCAL, KOHA] 0
952 ## - LOCATION AND ITEM INFORMATION (KOHA)
Withdrawn status [LOCAL, KOHA] 0
952 ## - LOCATION AND ITEM INFORMATION (KOHA)
Withdrawn status [LOCAL, KOHA] 0
952 ## - LOCATION AND ITEM INFORMATION (KOHA)
Withdrawn status [LOCAL, KOHA] 0
952 ## - LOCATION AND ITEM INFORMATION (KOHA)
Withdrawn status [LOCAL, KOHA] 0
952 ## - LOCATION AND ITEM INFORMATION (KOHA)
Withdrawn status [LOCAL, KOHA] 0
952 ## - LOCATION AND ITEM INFORMATION (KOHA)
Withdrawn status [LOCAL, KOHA] 0
952 ## - LOCATION AND ITEM INFORMATION (KOHA)
Withdrawn status [LOCAL, KOHA] 0
952 ## - LOCATION AND ITEM INFORMATION (KOHA)
Withdrawn status [LOCAL, KOHA] 0
952 ## - LOCATION AND ITEM INFORMATION (KOHA)
Withdrawn status [LOCAL, KOHA] 0
Holdings
Permanent Location Date acquired Koha item type Lost status Shelving location Barcode Current Location Full call number
Library Block B2016-11-04AGR B520A02428Library Block BAGR THO 2015 B520 Or.1
Library Block B2016-11-04AGR B520A01132Library Block BAGR THO 2015 B520 Or.2
Library Block B2016-11-04AGR B520A02194Library Block BAGR THO 2015 B520 Or.3
Library Block B2016-11-04AGR B520A02875Library Block BAGR THO 2015 B520 Or.4
Library Block B2016-11-04AGR B520A00246Library Block BAGR THO 2015 B520 Or.5
Library Block B2016-11-04AGR B520A01861Library Block BAGR THO 2015 B520 Or.6
Library Block B2016-11-04AGR B520A02565Library Block BAGR THO 2015 B520 Or.7
Library Block B2016-11-04AGR B520A00510Library Block BAGR THO 2015 B520 Or.8
Library Block B2021-09-29AGR B691A066498Library Block BAGR THO 2015 B691 Or.1
Library Block B2021-09-29AGR B691A066201Library Block BAGR THO 2015 B691 Or.1
មជ្ឈមណ្ឌលឯការនៃសាកលវិទ្យាល័យភូមិន្ទកសិកម្មចំការដូង

Powered by Koha